000 00605nam a2200229Ia 4500
003 OSt
005 20220928113014.0
006 a|||||r|||| 00| 0
007 ta
008 220927b |||||||| |||| 00| 0 eng d
024 _a91795
037 _cTextual
040 _aSDCL
_cSDCL
_beng
041 _2eng
_aeng
082 _aO152,1H50x, L2
100 _aVidyaapati
245 0 _aVidyaapati-padapali.
260 _aPatna
_bBihar-Rashtrbhasha-Parishad
_c1972
300 _aV2. 514p. V3.412p.
_ccm.
942 _hO152,1H50x, L2
_cTEXL
_2CC
999 _c747589
_d747589